TOMORROWLAND 2023 - Line Up - Statistiques

Statistiques générales
  • Ce quiz a été pris 38 fois
  • Le résultat moyen est 12 sur 64
Statistiques - réponses
Hint Réponse % Correct
22:50-23:50 Martin Garrix
85%
22:50-23:50 Martin Garrix
85%
22:35-23:50 Dimitri Vegas & Like Mike
79%
22:35-23:50 Dimitri Vegas & Like Mike
79%
23:50-00:50 Hardwell
55%
23:50-00:50 Steve Aoki
55%
21:30-22:30 Armin Van Buuren
45%
21:45-22:45 Lost Frequencies
45%
19:40-20:40 R3hab & W&W
45%
23:50-00:50 Tiesto
45%
22:50-23:50 Tiesto
45%
19:40-20:40 Amelie Lens
36%
21:45-22:45 Steve Angello & Sebastian Ingrosso
36%
20:40-21:40 Timmy Trumpet
36%
21:30-22:30 Afrojack
30%
16:30-17:30 Henri PFR
30%
23:50-00:50 Alesso
24%
20:40-21:40 Alesso
24%
17:35-18:35 MATTN
24%
18:25-19:25 NERVO
24%
20:25-21:25 Alok
21%
19:40-20:40 Da Tweekaz
15%
21:45-22:45 Steve Angello
15%
18:25-19:25 James Hype
12%
21:45-22:45 Paul Kalkbrenner
12%
16:30-17:30 Yves Deruyter
12%
12:00-14:30 Daybreak Session : Claptone
9%
12:00-14:30 Daybreak Session : Claptone
9%
20:40-21:40 Kolsch
9%
15:30-16:30 Matisse & Sadko
9%
18:40-19:40 Nina Kraviz
9%
20:25-21:25 Tale Of Us
9%
22:50-23:50 The Chainsmokers
9%
18:40-19:40 Vini Vici
9%
17:35-18:35 Vintage Culture
9%
15:15-16:15 220 Kid
6%
19:25-20:25 Amber Broos
6%
18:40-19:40 B Jones
6%
16:15-17:15 Goodboys
6%
17:20-18:20 GORDO
6%
17:35-18:35 Indira Paganotto
6%
19:25-20:25 John Newman
6%
15:30-16:30 Korolova
6%
16:30-17:30 Malaa
6%
18:40-19:40 Otto Knows
6%
16:30-17:30 Ownboss
6%
17:35-18:35 Purple Disco Machine
6%
20:40-21:40 Sunnery James & Ryan Marciano
6%
17:20-18:20 Yves V & Regi
6%
15:30-16:30 Andrometik
3%
15:30-16:30 Andrometik
3%
14:30-15:30 Anfisa Letyago
3%
14:30-15:30 Brina Knauss
3%
15:15-16:15 Carola
3%
12:00-14:30 Daybreak Session : Franky Rizardo
3%
12:00-14:30 Daybreak Session : One World Radio Soundsystem
3%
12:00-14:45 Daybreak Session : Wayback Luke
3%
12:00-14:50 Daybreak Session : Wayback Luke
3%
19:40-20:40 Dom Dolla
3%
14:30-15:30 La Fuente
3%
16:15-17:15 Lilly Palmer
3%
14:30-15:30 Marten Horger
3%
14:45-15:15 Warrior Workout by Q-Dance
3%
14:50-15:15 Warrior Workout by Q-Dance
3%
Aucun quiz correspondant
Distribution des résultats
% des personnes avec chaque résultat
Percentile par nombre de réponses
Votre historique - résultats
Vous n’avez pas pris ce quiz